駅名に「上野」を含む駅 - Statistics

General Stats
  • This quiz has been taken 143 times
  • The average score is 7 of 17
Answer Stats
Hint Answer % Correct
東京都 上野
100%
東京都 上野御徒町
82%
東京都 上野広小路
75%
山梨県 上野原
73%
三重県 伊賀上野
72%
東京都 京成上野
63%
三重県 上野市
59%
山梨県 甲斐上野
32%
北海道 上野幌
30%
三重県 伊勢上野
29%
東京都 上野毛
25%
大阪府 上野芝
22%
三重県 豊津上野
18%
愛知県 上野間
13%
静岡県 上野部
9%
宮城県 上野目
8%
福島県 上野尻
6%
No matching quizzes found
Score Distribution
Percent of People with Each Score
Percentile by Number Answered
Your Score History
You have not taken this quiz